Statistics for 中国 18 个铁路局/公司名称

Click here to take the quiz!

General Stats

  • This quiz has been taken 139 times
  • The average score is 13 of 18

Answer Stats

Answer% Correct
北京铁路局
96%
上海铁路局
93%
哈尔滨铁路局
89%
沈阳铁路局
86%
武汉铁路局
84%
郑州铁路局
82%
南昌铁路局
81%
西安铁路局
79%
济南铁路局
77%
成都铁路局
75%
兰州铁路局
71%
广州铁路公司
68%
乌鲁木齐铁路局
67%
南宁铁路局
63%
太原铁路局
62%
呼和浩特铁路局
59%
昆明铁路局
57%
青藏铁路公司
43%

Score Distribution

Percentile by Number Answered

Percent of People with Each Score

Your Score History

You have not taken this quiz